Statistics for FIFA World Cup 2018 - Conclusion Quiz

Click here to take the quiz!

General Stats

  • This quiz has been taken 108 times
  • The average score is 18 of 30

Answer Stats

HintAnswer% Correct
2018 World Cup ChampionFrance
100%
2018 World Cup runner-upCroatia
99%
Host countryRussia
99%
In 2017, this four-time-champion fails to qualify by losing to SwedenItaly
96%
By losing 2-0 to South Korea, these champions had to pack their bags after group stageGermany
92%
This assistant system is used for the first timeVideo Assistant Referee
82%
Reaching 3rd place gives this country their best-ever resultBelgium
80%
Where will the next World Cup be held?Qatar
79%
Best young playerKylian Mbappé
76%
This superstar stands out because of his divingsNeymar
72%
Top scorerHarry Kane
70%
Best playerLuka Modrić
66%
This country invests $400 mill. in broadcasting rights but fails to qualifyUnited States
64%
Result of the first match at this World Cup5-0
63%
Closing ceremony: Country's presidentVladimir Putin
63%
Nickname of the winnersLes Bleus
62%
These nations could qualify themselves for the first timePanama
61%
These nations could qualify themselves for the first timeIceland
58%
Best goalkeeperThibaut Courtois
54%
Common slogan used by the English fans"It's coming home"
53%
This nation is qualified for Round of 16 due to fair playJapan
51%
Closing ceremony: Country's presidentEmmanuel Macron
49%
Closing ceremony: FIFA PresidentGianni Infantino
41%
Fail 1: This player kicks the ball with the help of a post in his own faceMichy Batshuayi (BEL)
36%
Stadium of the finalLuzhniki Stadium, Moscow
29%
Official ballTelstar
28%
Referee of the finalNéstor Pitana (ARG)
19%
Official mascotZabivaka
13%
Closing ceremony: Country's presidentKolinda Grabar-Kitarović
10%
Fail 2: This player failed to complete a throw-in by somersaultingMilad Mohammadi (IRN)
6%

Score Distribution

Percentile by Number Answered

Percent of People with Each Score

Your Score History

You have not taken this quiz